00881nam a2200217 a 450000100100000000500170001000800410002702000150006804000250008308200160010810000380012424501200016226000820028230000280036449000450039250000310043783000520046804900090052095201190052999900150064800000535520200929151642.0090819s1991 sp a 001 0 spa d a8400072006 aDO-SdBNPbspacBNPHU axxxxbM938n1 aMoyano Bazzani, Eduardo L.91519013aLa nueva frontera del azúcar :bel ferrocarril y la economía cubana del siglo XIX /cEduardo L. Moyano Bazzani. aMadrid, España :bConsejo Superior de Investigaciones Científicas,c1991. a404 p. :bil. ;c24 cm.1 aBiblioteca de Historia de América ;v4 aIncluye tabla de contenido 0aBiblioteca de Historia de América ;n4915191 aBNPD 001054708MOaGRbGRcHDd2009-08-19iLF1l0oxxxx M938np5355-10r2020-06-25w2020-06-25y4ZPréstamo en sala c5156d5156